<?xml version="1.0" encoding="UTF-8"?>
<record
    xmlns:xsi="http://www.w3.org/2001/XMLSchema-instance"
    xsi:schemaLocation="http://www.loc.gov/MARC21/slim http://www.loc.gov/standards/marcxml/schema/MARC21slim.xsd"
    xmlns="http://www.loc.gov/MARC21/slim">

  <leader>02159nam a2200325 a 4500</leader>
  <controlfield tag="003">CHAP</controlfield>
  <controlfield tag="005">20240626102144.0</controlfield>
  <controlfield tag="007">ta</controlfield>
  <controlfield tag="008">240415t2018    ii d|||fr|||| 001 0 eng d</controlfield>
  <datafield tag="020" ind1=" " ind2=" ">
    <subfield code="a">978-93-8742-66-9 </subfield>
    <subfield code="q">(pasta dura)</subfield>
  </datafield>
  <datafield tag="040" ind1=" " ind2=" ">
    <subfield code="a">Z</subfield>
    <subfield code="c">CHAP</subfield>
    <subfield code="e">rda</subfield>
  </datafield>
  <datafield tag="041" ind1="0" ind2=" ">
    <subfield code="b">Ingl&#xE9;s</subfield>
    <subfield code="f">Ingl&#xE9;s</subfield>
  </datafield>
  <datafield tag="082" ind1="0" ind2="0">
    <subfield code="a">591.51</subfield>
    <subfield code="b">E94 2018</subfield>
    <subfield code="2">20</subfield>
  </datafield>
  <datafield tag="100" ind1="1" ind2=" ">
    <subfield code="9">188944</subfield>
    <subfield code="a">Eyeson, S. R.</subfield>
    <subfield code="e">autor</subfield>
  </datafield>
  <datafield tag="245" ind1="1" ind2="0">
    <subfield code="a">Essential of animal behaviour /</subfield>
    <subfield code="c">S. R. Eyeson</subfield>
  </datafield>
  <datafield tag="264" ind1=" " ind2="1">
    <subfield code="a">New Delhi, India : </subfield>
    <subfield code="b">Agri Horti Press,</subfield>
    <subfield code="c">&#xA9; 2018</subfield>
  </datafield>
  <datafield tag="300" ind1=" " ind2=" ">
    <subfield code="a">v, 296 p&#xE1;ginas:</subfield>
    <subfield code="b">gr&#xE1;ficas</subfield>
  </datafield>
  <datafield tag="336" ind1=" " ind2=" ">
    <subfield code="2">rdacontent</subfield>
    <subfield code="a">texto</subfield>
    <subfield code="b">txt</subfield>
  </datafield>
  <datafield tag="337" ind1=" " ind2=" ">
    <subfield code="2">rdamedia</subfield>
    <subfield code="a">sin medio</subfield>
    <subfield code="b">n</subfield>
  </datafield>
  <datafield tag="338" ind1=" " ind2=" ">
    <subfield code="2">rdacarrier</subfield>
    <subfield code="a">volumen</subfield>
    <subfield code="b">nc</subfield>
  </datafield>
  <datafield tag="500" ind1=" " ind2=" ">
    <subfield code="a">ej.1: consumo</subfield>
  </datafield>
  <datafield tag="504" ind1=" " ind2=" ">
    <subfield code="a">Bibliograf&#xED;a: 292 - 293</subfield>
  </datafield>
  <datafield tag="505" ind1="0" ind2=" ">
    <subfield code="a">1. Ecology of animal behaviour.-- 2. Development of physical structure.-- 3. Absorption and assimilation in animals.-- 4. Communciation system of animals.-- 5. Behavioural studies in zoo conservation.-- 6. Behavioural issues involved in birds.-- 7. Behaviour of vertebrates.-- 8. Methods for evaluating habitat selection. 9. Evolution of mammalian sociality.-- 10. Declining amphibian population.-- 11. Environments with and without large carnivores.-- 12. Behavioural ecology of hunters.</subfield>
  </datafield>
  <datafield tag="520" ind1=" " ind2=" ">
    <subfield code="a">Animal behaviour is the scientific study of everything animals do, whether the animals are single-celled organisms, invertebrates, fish, amphibians, reptiles, birds, or mammals. It involves investigating the relationship of animals to their physical environment as well as to other organisms, and includes such topics as how animals find and defend resources, avoid predators, choose mates and reproduce, and care for their young. This book provides a broad overview of the current state of animal behaviour for undergraduate and postgraduate courses in zoology, veterinary science and other allied fields. It provides all the basic concepts and latest information on animal behaviour.</subfield>
  </datafield>
  <datafield tag="534" ind1=" " ind2=" ">
    <subfield code="p">T&#xED;tulo original:</subfield>
  </datafield>
  <datafield tag="650" ind1="1" ind2="3">
    <subfield code="9">134384</subfield>
    <subfield code="a">Conducta animal</subfield>
    <subfield code="x">Habitos y comportamientos</subfield>
  </datafield>
  <datafield tag="650" ind1="1" ind2="3">
    <subfield code="9">26208</subfield>
    <subfield code="a">Comunicaci&#xF3;n animal</subfield>
  </datafield>
  <datafield tag="650" ind1="1" ind2="7">
    <subfield code="9">35170</subfield>
    <subfield code="a">Ecolog&#xED;a animal</subfield>
    <subfield code="x">Investigaci&#xF3;nes</subfield>
  </datafield>
  <datafield tag="942" ind1=" " ind2=" ">
    <subfield code="2">ddc</subfield>
    <subfield code="c">LIBRO</subfield>
  </datafield>
  <datafield tag="999" ind1=" " ind2=" ">
    <subfield code="c">219850</subfield>
    <subfield code="d">219850</subfield>
  </datafield>
  <datafield tag="952" ind1=" " ind2=" ">
    <subfield code="0">0</subfield>
    <subfield code="1">0</subfield>
    <subfield code="2">ddc</subfield>
    <subfield code="4">0</subfield>
    <subfield code="5">1</subfield>
    <subfield code="7">0</subfield>
    <subfield code="8">GRAL</subfield>
    <subfield code="a">Z</subfield>
    <subfield code="b">Z</subfield>
    <subfield code="d">2019-05-21</subfield>
    <subfield code="e">Compra Libreria UACh No. 37739</subfield>
    <subfield code="i">Consumo</subfield>
    <subfield code="l">0</subfield>
    <subfield code="o">591.51 E94 2018</subfield>
    <subfield code="p">5102007412</subfield>
    <subfield code="r">2024-04-15 00:00:00</subfield>
    <subfield code="t">Ej.1</subfield>
    <subfield code="w">2024-04-15</subfield>
    <subfield code="y">LIBRO</subfield>
  </datafield>
</record>
